Players Championship 2024 (Darts) - Statistiken

Allgemein
  • Dieses Quiz wurde 160 mal gespielt
  • Das Durchschnittsergebnis liegt bei 23 aus 30
Antwortstatistiken
Turnier Sieger Nationalität % Korrekt
1 Luke Littler England
99%
15 Luke Littler England
99%
20 Luke Littler England
99%
21 Michael van Gerwen Niederlande
99%
27 Michael van Gerwen Niederlande
99%
2 Gary Anderson Schottland
94%
22 Gary Anderson Schottland
94%
4 Damon Heta Australien
89%
18 Damon Heta Australien
89%
26 Luke Humphries England
89%
12 Dimitri Van den Bergh Belgien
84%
14 Jonny Clayton Wales
82%
17 Josh Rock Nordirland
82%
30 Josh Rock Nordirland
82%
8 Danny Noppert Niederlande
75%
9 Michael Smith England
75%
16 Mike De Decker Belgien
75%
13 Ross Smith England
75%
10 Brendan Dolan Nordirland
67%
5 Raymond van Barneveld Niederlande
67%
7 Chris Dobey England
64%
19 Chris Dobey England
64%
25 Chris Dobey England
64%
29 Cameron Menzies Schottland
63%
6 Dave Chisnall England
55%
23 Dave Chisnall England
55%
3 Ryan Searle England
53%
11 Alan Soutar Schottland
46%
24 Wessel Nijman Niederlande
42%
28 Wesley Plaisier Niederlande
35%
Keine übereinstimmenden Quizze gefunden
Verteilung der Resultate
Anzahl Personen mit jedem Resultat
Perzentil nach korrekt beantworteten Fragen
Ihre Resultats-Entwicklung
Sie haben dieses Quiz noch nicht gespielt